[Event "Titled Tuesday intern op 03rd Jan Late"]
[Site "Chess.com INT"]
[Date "2025.06.03"]
[Round "4"]
[White "Fernandes, Rogerio Paulo Mulle"]
[Black "Fedoryshyn, Ievgenii"]
[Result "1-0"]
[WhiteElo "2241"]
[BlackElo "2278"]
[PlyCount "75"]
[EventDate "2025.06.03"]
[EventType "swiss (blitz)"]
[EventRounds "11"]
[EventCountry "USA"]
[SourceTitle "CB24_2025"]
[SourceDate "2025.06.11"]
[SourceVersion "1"]
[SourceVersionDate "2025.06.11"]
[SourceQuality "1"]

1. c4 e5 2. g3 Nf6 3. Bg2 d5 4. cxd5 Nxd5 5. Nc3 Nb6 6. Nf3 Nc6 7. d3 Be7 8. 0-0 0-0 9. Be3 Be6 10. a3 Nd5 11. Nxd5 Bxd5 12. Rc1 f6 13. b4 a5 14. b5 Nd4 15. Bxd4 exd4 16. a4 b6 17. Qc2 Bc5 18. Nd2 Re8 19. Bxd5+ Qxd5 20. Ne4 Bd6 21. Qc6 Qxc6 22. Rxc6 Be5 23. f4 f5 24. fxe5 fxe4 25. Rxc7 exd3 26. exd3 Rf8 27. Rf4 g5 28. Rxd4 Rad8 29. Rdd7 Rxd7 30. Rxd7 Rf3 31. d4 Ra3 32. d5 Rxa4 33. e6 Re4 34. e7 Kf7 35. d6 a4 36. Rd8 a3 37. Rf8+ Kg7 38. e8Q 1-0

[Event "Titled Tuesday intern op 03rd Jan Late"]
[Site "Chess.com INT"]
[Date "2025.06.03"]
[Round "8"]
[White "Fernandes, Rogerio Paulo Mulle"]
[Black "Maglioni, Leonardo"]
[Result "0-1"]
[WhiteElo "2241"]
[BlackElo "2069"]
[PlyCount "68"]
[EventDate "2025.06.03"]
[EventType "swiss (blitz)"]
[EventRounds "11"]
[EventCountry "USA"]
[SourceTitle "CB24_2025"]
[SourceDate "2025.06.11"]
[SourceVersion "1"]
[SourceVersionDate "2025.06.11"]
[SourceQuality "1"]

1. c4 Nf6 2. g3 g6 3. Bg2 Bg7 4. Nf3 0-0 5. 0-0 d6 6. Nc3 e5 7. d3 Nc6 8. Rb1 a5 9. a3 h6 10. b4 axb4 11. axb4 Be6 12. b5 Ne7 13. Ne1 c6 14. Nc2 d5 15. bxc6 bxc6 16. cxd5 cxd5 17. Nb4 Qd7 18. Bd2 Rfc8 19. e3 Bh3 20. Bxh3 Qxh3 21. Qf3 Qe6 22. Rfc1 e4 23. Qe2 Rab8 24. dxe4 dxe4 25. Na4 Rxc1+ 26. Rxc1 Qb3 27. Nc5 Qa3 28. Qc4 Rd8 29. Qc3 Qa8 30. Qc2 Nf5 31. Bc3 Rc8 32. Bxf6 Bxf6 33. Qc4 Be7 34. Nba6 Rc6 0-1

[Event "Titled Tuesday intern op 03rd Jan Late"]
[Site "Chess.com INT"]
[Date "2025.06.03"]
[Round "5"]
[White "Fernandes, Rogerio Paulo Mulle"]
[Black "Yue, Tariq"]
[Result "0-1"]
[WhiteElo "2241"]
[BlackElo "2192"]
[PlyCount "66"]
[EventDate "2025.06.03"]
[EventType "swiss (blitz)"]
[EventRounds "11"]
[EventCountry "USA"]
[SourceTitle "CB24_2025"]
[SourceDate "2025.06.11"]
[SourceVersion "1"]
[SourceVersionDate "2025.06.11"]
[SourceQuality "1"]

1. c4 Nf6 2. g3 g6 3. Bg2 Bg7 4. Nf3 0-0 5. 0-0 d6 6. Nc3 c6 7. d3 e5 8. Rb1 a5 9. a3 Nbd7 10. b4 axb4 11. axb4 d5 12. b5 d4 13. bxc6 bxc6 14. Na4 Re8 15. Ng5 Ra6 16. Qb3 h6 17. Ne4 Nxe4 18. Bxe4 Qa5 19. Ra1 Nc5 20. Nxc5 Qxa1 21. Nxa6 Qxa6 22. Bd2 Bh3 23. Rb1 f5 24. Bg2 Bxg2 25. Kxg2 e4 26. Bf4 g5 27. Bd6 exd3 28. exd3 c5 29. Bxc5 Qc6+ 30. f3 Qxc5 31. Qb5 Re2+ 32. Kf1 Qe7 33. Qd5+ Qe6 0-1

[Event "Titled Tuesday intern op 03rd Jan Late"]
[Site "Chess.com INT"]
[Date "2025.06.03"]
[Round "7"]
[White "Van der Werf, Mark"]
[Black "Fernandes, Rogerio Paulo Mulle"]
[Result "0-1"]
[WhiteElo "2391"]
[BlackElo "2241"]
[PlyCount "36"]
[EventDate "2025.06.03"]
[EventType "swiss (blitz)"]
[EventRounds "11"]
[EventCountry "USA"]
[SourceTitle "CB24_2025"]
[SourceDate "2025.06.11"]
[SourceVersion "1"]
[SourceVersionDate "2025.06.11"]
[SourceQuality "1"]

1. Nf3 Nf6 2. c4 c5 3. d4 cxd4 4. Nxd4 Nc6 5. g3 g6 6. Bg2 Bg7 7. 0-0 0-0 8. Nc3 Qb6 9. Nb3 d6 10. Bg5 Be6 11. c5 Bxb3 12. Qxb3 Qxc5 13. Qxb7 Qxg5 14. Qxc6 Rab8 15. Rab1 Rfc8 16. Qa4 a5 17. b3 Rxc3 18. Qxa5 Qxa5 0-1

[Event "Titled Tuesday intern op 06th May Early"]
[Site "Chess.com INT"]
[Date "2025.05.06"]
[Round "9"]
[White "Kaminska, Zuzanna"]
[Black "Fernandes, Rogerio Paulo Mulle"]
[Result "1-0"]
[WhiteElo "1900"]
[BlackElo "2241"]
[PlyCount "49"]
[EventDate "2025.05.06"]
[EventType "swiss (blitz)"]
[EventRounds "11"]
[EventCountry "USA"]
[SourceTitle "CB20_2025"]
[SourceDate "2025.05.14"]
[SourceVersion "1"]
[SourceVersionDate "2025.05.14"]
[SourceQuality "1"]

1. Nf3 Nf6 2. g3 c5 3. Bg2 Nc6 4. 0-0 g6 5. Nc3 Bg7 6. d3 0-0 7. Bg5 d6 8. Qd2 Bg4 9. Rad1 Qd7 10. Rfe1 Rac8 11. e4 Nd4 12. Re3 h6 13. Bxf6 Bxf6 14. h4 Nxf3+ 15. Bxf3 Bd4 16. Bxg4 Qxg4 17. Qe2 f5 18. Qxg4 fxg4 19. Re2 Rf3 20. Kg2 Rcf8 21. Rf1 Bxc3 22. bxc3 c4 23. Re3 cxd3 24. cxd3 Rc8 25. c4 1-0

[Event "Titled Tuesday intern op 06th May Early"]
[Site "Chess.com INT"]
[Date "2025.05.06"]
[Round "6"]
[White "Ocampos, Ian Guido"]
[Black "Fernandes, Rogerio Paulo Mulle"]
[Result "1-0"]
[WhiteElo "2219"]
[BlackElo "2241"]
[PlyCount "47"]
[EventDate "2025.05.06"]
[EventType "swiss (blitz)"]
[EventRounds "11"]
[EventCountry "USA"]
[SourceTitle "CB20_2025"]
[SourceDate "2025.05.14"]
[SourceVersion "1"]
[SourceVersionDate "2025.05.14"]
[SourceQuality "1"]

1. e4 e6 2. d4 d5 3. Nc3 Bb4 4. a3 Bxc3+ 5. bxc3 dxe4 6. Qg4 Nf6 7. Qxg7 Rg8 8. Qh6 Nbd7 9. Ne2 b6 10. Ng3 Bb7 11. a4 Rg6 12. Qd2 Qe7 13. Ba3 c5 14. a5 h5 15. h4 Qd6 16. dxc5 Qxd2+ 17. Kxd2 bxc5 18. Rb1 Bc6 19. Bb5 Rc8 20. Ke2 Nd5 21. Nxe4 Bxb5+ 22. Rxb5 Kd8 23. c4 Nf4+ 24. Kf3 1-0

[Event "Titled Tuesday intern op 01st Apr Early"]
[Site "Chess.com INT"]
[Date "2025.04.01"]
[Round "8"]
[White "Fernandes, Rogerio Paulo Mulle"]
[Black "Berezin, Viktor"]
[Result "1/2-1/2"]
[WhiteElo "2241"]
[BlackElo "1921"]
[PlyCount "153"]
[EventDate "2025.04.01"]
[EventType "swiss (blitz)"]
[EventRounds "11"]
[EventCountry "USA"]
[SourceTitle "CB15_2025"]
[SourceDate "2025.04.09"]
[SourceVersion "1"]
[SourceVersionDate "2025.04.09"]
[SourceQuality "1"]

1. c4 e5 2. g3 Nc6 3. Bg2 Nf6 4. Nf3 e4 5. Ng5 Qe7 6. Nc3 Ne5 7. b3 Nf3+ 8. exf3 exf3+ 9. Kf1 fxg2+ 10. Kxg2 Qc5 11. Re1+ Be7 12. d4 Qc6+ 13. Kg1 h6 14. Qe2 Ng8 15. Ba3 d6 16. Nd5 Qd7 17. Ne4 Kf8 18. Nxe7 Nxe7 19. c5 Kg8 20. cxd6 cxd6 21. Nxd6 Nc6 22. Qe8+ Qxe8 23. Rxe8+ Kh7 24. Rxh8+ Kxh8 25. Nxf7+ Kg8 26. Nd6 Nxd4 27. Rc1 Ne2+ 28. Kg2 Nxc1 29. Bxc1 Bd7 30. Nxb7 Bc6+ 31. f3 Bxb7 32. Be3 Rf8 33. h4 Bxf3+ 34. Kh3 Re8 35. Bxa7 Bd1 36. g4 Ra8 37. Bc5 Rxa2 38. b4 Rb2 39. Kg3 Ba4 40. Kf4 Bb5 41. g5 Kf7 42. gxh6 gxh6 43. h5 Kf6 44. Bd4+ Ke6 45. Bxb2 Kf7 46. Bd4 Kg8 47. Be3 Kh7 48. Kf5 Kg8 49. Kf6 Kh7 50. Bf4 Bd3 51. Ke5 Bb5 52. Kf6 Bd3 53. Be3 Be2 54. Ke5 Bxh5 55. b5 Bf3 56. b6 Bb7 57. Kf4 Bh1 58. Kg4 Bb7 59. Kh4 Ba8 60. Kh5 Bb7 61. Bxh6 Ba8 62. Kg5 Bb7 63. Bf8 Kg8 64. Bc5 Kf7 65. Kf5 Ke8 66. Ke5 Kd7 67. Be3 Kc6 68. Ke6 Ba6 69. Ke7 Kb7 70. Kd8 Bb5 71. Bd4 Ba6 72. Ke7 Bf1 73. Kd6 Ba6 74. Kc5 Bf1 75. Kd6 Ba6 76. Kc5 Bf1 77. Kd6 1/2-1/2

[Event "Titled Tuesday intern op 01st Apr Late"]
[Site "Chess.com INT"]
[Date "2025.04.01"]
[Round "10"]
[White "Fernandes, Rogerio Paulo Mulle"]
[Black "Vila Dupla, Aurelio"]
[Result "1-0"]
[WhiteElo "2241"]
[BlackElo "2055"]
[PlyCount "79"]
[EventDate "2025.04.01"]
[EventType "swiss (blitz)"]
[EventRounds "11"]
[EventCountry "USA"]
[SourceTitle "CB21_2025"]
[SourceDate "2025.05.21"]
[SourceVersion "1"]
[SourceVersionDate "2025.05.21"]
[SourceQuality "1"]

1. c4 Nf6 2. g3 c6 3. Bg2 d5 4. Nf3 g6 5. 0-0 Bg7 6. Qc2 0-0 7. d3 Bf5 8. Bg5 Nbd7 9. Nbd2 h6 10. Bxf6 Nxf6 11. Rac1 Qc8 12. b4 Bh3 13. a4 Bxg2 14. Kxg2 dxc4 15. Qxc4 Nd5 16. b5 Nb6 17. Qb3 Qe6 18. Qxe6 fxe6 19. a5 Nd5 20. bxc6 bxc6 21. Rxc6 Kf7 22. Nc4 Rfc8 23. Rc1 Rxc6 24. Nce5+ Ke8 25. Rxc6 g5 26. Rxe6 Nc3 27. e3 Rb8 28. Ra6 Rb5 29. d4 Rb7 30. Nc6 Nd1 31. Rxa7 Rb2 32. Rxe7+ Kf8 33. Nfe5 Rxf2+ 34. Kg1 Re2 35. Rf7+ Kg8 36. Ne7+ Kh7 37. Nf5 Re1+ 38. Kg2 Re2+ 39. Kf3 Rf2+ 40. Ke4 1-0

[Event "Titled Tuesday intern op 01st Apr Late"]
[Site "Chess.com INT"]
[Date "2025.04.01"]
[Round "6"]
[White "Noguera da Almeida, Beatriz Elvira"]
[Black "Fernandes, Rogerio Paulo Mulle"]
[Result "1-0"]
[WhiteElo "1819"]
[BlackElo "2241"]
[PlyCount "57"]
[EventDate "2025.04.01"]
[EventType "swiss (blitz)"]
[EventRounds "11"]
[EventCountry "USA"]
[SourceTitle "CB21_2025"]
[SourceDate "2025.05.21"]
[SourceVersion "1"]
[SourceVersionDate "2025.05.21"]
[SourceQuality "1"]

1. e4 e6 2. d3 d5 3. Nd2 c5 4. g3 Bd6 5. Bg2 Ne7 6. Ngf3 Nbc6 7. 0-0 0-0 8. Re1 Qc7 9. Nf1 d4 10. h4 e5 11. N1h2 b5 12. g4 f6 13. g5 Be6 14. gxf6 gxf6 15. Kh1 Kh8 16. Ng1 Rg8 17. Nh3 Qd7 18. Qf3 Raf8 19. Bh6 Rf7 20. Rg1 Rg6 21. Bd2 Rxg2 22. Qxg2 Bxh3 23. Qg3 Be6 24. Rg2 Qe8 25. Rag1 f5 26. exf5 Bxf5 27. Bg5 Be6 28. Bf6+ Rxf6 29. Qg7# 1-0

[Event "Titled Tuesday intern op 25th Mar Early"]
[Site "Chess.com INT"]
[Date "2025.03.25"]
[Round "9"]
[White "Fernandes, Rogerio Paulo Mulle"]
[Black "Anakok, Deniz"]
[Result "1-0"]
[WhiteElo "2241"]
[BlackElo "2018"]
[PlyCount "127"]
[EventDate "2025.03.25"]
[EventType "swiss (blitz)"]
[EventRounds "11"]
[EventCountry "USA"]
[SourceTitle "CB14_2025"]
[SourceDate "2024.11.01"]
[SourceVersion "1"]
[SourceVersionDate "2024.11.01"]
[SourceQuality "1"]

1. c4 e5 2. g3 Nc6 3. Bg2 g6 4. Nf3 Bg7 5. Nc3 Nge7 6. 0-0 d6 7. d3 0-0 8. Rb1 a5 9. a3 f5 10. Bd2 Be6 11. b4 axb4 12. axb4 h6 13. b5 Nd4 14. Nxd4 exd4 15. Nd5 Nxd5 16. cxd5 Bd7 17. Qc2 Rc8 18. Rfc1 Qe7 19. Qd1 Rfe8 20. Kf1 g5 21. f4 gxf4 22. Bxf4 Be5 23. Bxh6 Qh7 24. Qd2 Re7 25. Kg1 Rf7 26. Bf4 Qh5 27. Bf3 Qh3 28. Rf1 Rh7 29. Rf2 Rf8 30. b6 c5 31. dxc6 Bxc6 32. Bxc6 bxc6 33. b7 Rb8 34. Bxe5 dxe5 35. Qg5+ Rg7 36. Qxf5 Qxf5 37. Rxf5 Rbxb7 38. Rxb7 Rxb7 39. Rxe5 Rd7 40. Kf2 Kg7 41. Kf3 Kf6 42. Ke4 Rh7 43. h4 Rg7 44. Rf5+ Ke6 45. Rf3 Rg4+ 46. Rf4 Rxg3 47. Kxd4 Rh3 48. e4 Kd6 49. Rf6+ Kd7 50. Rh6 c5+ 51. Kc4 Ke7 52. h5 Kf7 53. Rc6 Rxh5 54. Rxc5 Rh1 55. Rc6 Rc1+ 56. Kd5 Rd1 57. d4 Ke7 58. e5 Ra1 59. Rc7+ Kd8 60. Rg7 Rd1 61. e6 Rh1 62. Kd6 Kc8 63. Rg8+ Kb7 64. e7 1-0

[Event "Titled Tuesday intern op 25th Mar Early"]
[Site "Chess.com INT"]
[Date "2025.03.25"]
[Round "11"]
[White "Jai, Sankar Subramanian"]
[Black "Fernandes, Rogerio Paulo Mulle"]
[Result "1-0"]
[WhiteElo "2316"]
[BlackElo "2241"]
[PlyCount "63"]
[EventDate "2025.03.25"]
[EventType "swiss (blitz)"]
[EventRounds "11"]
[EventCountry "USA"]
[SourceTitle "CB14_2025"]
[SourceDate "2024.11.01"]
[SourceVersion "1"]
[SourceVersionDate "2024.11.01"]
[SourceQuality "1"]

1. b4 Nf6 2. Bb2 e6 3. a3 d5 4. Nf3 c5 5. bxc5 Bxc5 6. e3 0-0 7. Be2 Nc6 8. 0-0 b6 9. d3 Bb7 10. Nbd2 Rc8 11. c4 dxc4 12. Nxc4 b5 13. Nce5 Nxe5 14. Bxe5 Qe7 15. d4 Bxa3 16. Bxb5 a5 17. Bd3 Bb4 18. Qe2 Ne4 19. Bxe4 Bxe4 20. Rfc1 Qb7 21. Ng5 Bg6 22. Bg3 Rxc1+ 23. Rxc1 Rc8 24. Rxc8+ Qxc8 25. h4 h6 26. h5 Qc1+ 27. Kh2 Bc2 28. Qg4 hxg5 29. Qxg5 Kh7 30. h6 gxh6 31. Qf6 Bg6 32. Be5 1-0

[Event "Titled Tuesday intern op 18th Mar Late"]
[Site "Chess.com INT"]
[Date "2025.03.18"]
[Round "2"]
[White "Fernandes, Rogerio Paulo Mulle"]
[Black "Schnaider, Ilan"]
[Result "0-1"]
[WhiteElo "2241"]
[BlackElo "2369"]
[PlyCount "68"]
[EventDate "2025.03.18"]
[EventType "swiss (blitz)"]
[EventRounds "11"]
[EventCountry "USA"]
[SourceTitle "CB13_2025"]
[SourceDate "2025.03.26"]
[SourceVersion "1"]
[SourceVersionDate "2025.03.26"]
[SourceQuality "1"]

1. c4 Nf6 2. g3 e5 3. Bg2 Nc6 4. Nf3 h6 5. Nc3 Bb4 6. Nd5 Bc5 7. d3 d6 8. 0-0 Be6 9. Nc3 Qd7 10. a3 a5 11. Rb1 0-0 12. Bd2 d5 13. cxd5 Nxd5 14. Rc1 Nxc3 15. Bxc3 Bd6 16. e3 a4 17. d4 exd4 18. Nxd4 Nxd4 19. Qxd4 f6 20. Bxb7 Rab8 21. Bd5 Kh8 22. Bxe6 Qxe6 23. Qxa4 h5 24. Qh4 Qf5 25. Rcd1 Rbe8 26. Qc4 Kh7 27. Rd5 Qg6 28. Qd3 f5 29. Qc4 Re4 30. Rd4 h4 31. Rxe4 fxe4 32. Kg2 Rf3 33. Rg1 hxg3 34. hxg3 Bxg3 0-1

[Event "Titled Tuesday intern op 18th Mar Late"]
[Site "Chess.com INT"]
[Date "2025.03.18"]
[Round "6"]
[White "Pereyra, Horacio"]
[Black "Fernandes, Rogerio Paulo Mulle"]
[Result "1-0"]
[WhiteElo "2157"]
[BlackElo "2241"]
[PlyCount "49"]
[EventDate "2025.03.18"]
[EventType "swiss (blitz)"]
[EventRounds "11"]
[EventCountry "USA"]
[SourceTitle "CB13_2025"]
[SourceDate "2025.03.26"]
[SourceVersion "1"]
[SourceVersionDate "2025.03.26"]
[SourceQuality "1"]

1. d4 Nf6 2. Nc3 c5 3. dxc5 Na6 4. e4 Nxc5 5. e5 Ng8 6. Nf3 e6 7. Be3 b6 8. b4 Na6 9. a3 Nc7 10. Be2 d5 11. exd6 Qxd6 12. Qc1 Nf6 13. 0-0 Be7 14. Bf4 Qc6 15. Qb2 Bb7 16. b5 Qc5 17. Na4 Qf5 18. Bxc7 0-0 19. Bg3 Rac8 20. c4 Ne4 21. Bd3 Bf6 22. Qc2 Bxa1 23. Rxa1 Qg6 24. Ne5 Qf5 25. Nc3 1-0

[Event "Titled Tuesday intern op 11th Mar Late"]
[Site "Chess.com INT"]
[Date "2025.03.11"]
[Round "11"]
[White "Alvarado, Carlos"]
[Black "Fernandes, Rogerio Paulo Mulle"]
[Result "1-0"]
[WhiteElo "2032"]
[BlackElo "2241"]
[PlyCount "87"]
[EventDate "2025.03.11"]
[EventType "swiss (blitz)"]
[EventRounds "11"]
[EventCountry "USA"]
[SourceTitle "CB12_2025"]
[SourceDate "2025.03.19"]
[SourceVersion "1"]
[SourceVersionDate "2025.03.19"]
[SourceQuality "1"]

1. Nf3 Nf6 2. d4 c5 3. d5 d6 4. c4 b5 5. cxb5 a6 6. bxa6 Bxa6 7. Nc3 g6 8. Nd2 Bg7 9. e4 Bxf1 10. Nxf1 0-0 11. Ne3 Nbd7 12. 0-0 Ra6 13. Qe2 Qa8 14. Nc4 Rb8 15. Rd1 Ne8 16. Bg5 f6 17. Bf4 Nb6 18. Ne3 Na4 19. Nc4 Nxc3 20. bxc3 Nc7 21. Qc2 Ra4 22. Ne3 Nb5 23. Rdb1 Ra7 24. a4 Nc7 25. Rxb8+ Qxb8 26. h4 Rb7 27. Nc4 Na6 28. a5 Rb5 29. Kh2 Kf7 30. g3 h5 31. Kg2 Qb7 32. Bxd6 Qd7 33. Bf4 e5 34. Be3 f5 35. Rb1 Rxb1 36. Qxb1 fxe4 37. Qxe4 Qe7 38. Bg5 Bf6 39. Bxf6 Kxf6 40. f4 exf4 41. Qxf4+ Kg7 42. Ne5 c4 43. Nxc4 Nc5 44. Ne5 1-0

[Event "Titled Tuesday intern op 11th Mar Late"]
[Site "Chess.com INT"]
[Date "2025.03.11"]
[Round "7"]
[White "Gasparyan, Davit"]
[Black "Fernandes, Rogerio Paulo Mulle"]
[Result "1-0"]
[WhiteElo "2203"]
[BlackElo "2241"]
[PlyCount "85"]
[EventDate "2025.03.11"]
[EventType "swiss (blitz)"]
[EventRounds "11"]
[EventCountry "USA"]
[SourceTitle "CB12_2025"]
[SourceDate "2025.03.19"]
[SourceVersion "1"]
[SourceVersionDate "2025.03.19"]
[SourceQuality "1"]

1. d4 Nf6 2. Nf3 c5 3. c3 cxd4 4. cxd4 d5 5. Nc3 Nc6 6. Bf4 Bg4 7. Ne5 Bd7 8. e3 e6 9. a3 Be7 10. Bd3 Rc8 11. 0-0 h6 12. h3 a6 13. Rc1 Na5 14. b4 Nc4 15. Nxc4 dxc4 16. Bb1 b5 17. Qc2 Bc6 18. Be5 Rg8 19. Rcd1 Nd5 20. Ne4 f5 21. Nc5 Bxc5 22. dxc5 Qh4 23. Qe2 Kf7 24. e4 fxe4 25. Bxe4 Rgf8 26. Bd6 Rfe8 27. Rd4 Qf6 28. Rfd1 Nc3 29. Qh5+ Kg8 30. Bxc6 Nxd1 31. Rxd1 g6 32. Qf3 Qxf3 33. Bxf3 Kf7 34. Be4 Red8 35. Rc1 Kf6 36. Rc3 e5 37. Bd5 Rxd6 38. cxd6 Rd8 39. Rf3+ Kg5 40. Rg3+ Kf6 41. Be4 g5 42. Rf3+ Ke6 43. d7 1-0